Main report, the burden of property debt in Great Britain (Record no. 84465)
[ view plain ]
| 000 -LEADER | |
|---|---|
| fixed length control field | 01146cad a22002175a 4500 |
| 001 - CONTROL NUMBER | |
| control field | L157800 |
| 008 - FIXED-LENGTH DATA ELEMENTS--GENERAL INFORMATION | |
| fixed length control field | 130520e2013 xxk 000 0 eng d |
| 035 ## - SYSTEM CONTROL NUMBER | |
| System control number | (Sirsi) u157800 |
| 041 0# - LANGUAGE CODE | |
| Language code of text/sound track or separate title | eng |
| 110 2# - MAIN ENTRY--CORPORATE NAME | |
| Corporate name or jurisdiction name as entry element | Office for National Statistics |
| 9 (RLIN) | 2210 |
| 245 00 - TITLE STATEMENT | |
| Title | Main report, the burden of property debt in Great Britain |
| Remainder of title | 2006/08 and 2008/10 |
| -- | [electronic resource |
| 260 ## - PUBLICATION, DISTRIBUTION, ETC. | |
| Date of publication, distribution, etc. | 2013 |
| 490 ## - SERIES STATEMENT | |
| Series statement | ONS Main report, the burden of property debt in Great Britain |
| -- | 2006/08 and 2008/10 |
| 520 ## - SUMMARY, ETC. | |
| Summary, etc. | Focuses on the property liabilities of households in Great Britain assessing the impact of the burden of property debt on individuals and families. Concludes that only 2 out of 5 households had outstanding debt on their main residence and 13.5% considered the debt to be a heavy burden. Regionally households in London had the highest median property debt whilst those in Scotland had the lowest. |
| 590 ## - LOCAL NOTE (RLIN) | |
| Local note | KA |
| 651 #4 - SUBJECT ADDED ENTRY--GEOGRAPHIC NAME | |
| Geographic name | United Kingdom |
| Chronological subdivision | |
| 690 ## - LOCAL SUBJECT ADDED ENTRY--TOPICAL TERM (OCLC, RLIN) | |
| Topical term or geographic name as entry element | Residential property |
| 9 (RLIN) | 6266 |
| 690 ## - LOCAL SUBJECT ADDED ENTRY--TOPICAL TERM (OCLC, RLIN) | |
| Topical term or geographic name as entry element | Finance and taxation |
| 856 40 - ELECTRONIC LOCATION AND ACCESS | |
| Uniform Resource Identifier | <a href="https://www.ons.gov.uk/ons/dcp171776_310008.pdf">https://www.ons.gov.uk/ons/dcp171776_310008.pdf</a> |
| Public note | View this item free of charge at www.ons.gov.uk |
| 942 ## - ADDED ENTRY ELEMENTS (KOHA) | |
| Suppress in OPAC | 0 |
| Withdrawn status | Lost status | Source of classification or shelving scheme | Damaged status | Not for loan | Home library | Current library | Shelving location | Date acquired | Total Checkouts | Full call number | Barcode | Date last seen | Copy number | Price effective from | Koha item type |
|---|---|---|---|---|---|---|---|---|---|---|---|---|---|---|---|
| Dewey Decimal Classification | Virtual | Virtual | Online | 20/05/2013 | ONLINE PUBLICATION | 157800-2001 | 06/08/2019 | 1 | 06/08/2019 | Journal article |